Reverend F Kittel (Record no. 81934)
[ view plain ]
| 000 -LEADER | |
|---|---|
| fixed length control field | 00657nam a2200205Ia 4500 |
| 003 - CONTROL NUMBER IDENTIFIER | |
| control field | OSt |
| 005 - DATE AND TIME OF LATEST TRANSACTION | |
| control field | 20250507100529.0 |
| 008 - FIXED-LENGTH DATA ELEMENTS--GENERAL INFORMATION | |
| fixed length control field | 210210b1973 xxu||||| |||| 00| 0 eng d |
| 040 ## - CATALOGING SOURCE | |
| Transcribing agency | AL |
| 041 ## - LANGUAGE CODE | |
| Language code of text/sound track or separate title | kan |
| 082 ## - DEWEY DECIMAL CLASSIFICATION NUMBER | |
| Classification number | K894.9 KANR |
| 100 ## - MAIN ENTRY--PERSONAL NAME | |
| Personal name | KANNADANADU MATTU KANNADIGARA PRAMPARE. |
| 9 (RLIN) | 183915 |
| Numeration | ಕನ್ನಡ ನಾಡು ಮತ್ತು ಕನ್ನಡಿಗರ ಪರಂಪರೆ |
| 245 ## - TITLE STATEMENT | |
| Title | Reverend F Kittel |
| Remainder of title | ರೆವರೆಂಡ್ ಎಫ್ ಕಿಟ್ಟೆಲ್ |
| 260 ## - PUBLICATION, DISTRIBUTION, ETC. | |
| Place of publication, distribution, etc. | Bengaluru |
| Name of publisher, distributor, etc. | A B H Prakashana |
| Date of publication, distribution, etc. | 1973 |
| 300 ## - PHYSICAL DESCRIPTION | |
| Extent | 56 |
| 650 ## - SUBJECT ADDED ENTRY--TOPICAL TERM | |
| Topical term or geographic name entry element | Kitel |
| 9 (RLIN) | 183916 |
| 690 ## - LOCAL SUBJECT ADDED ENTRY--TOPICAL TERM (OCLC, RLIN) | |
| Topical term or geographic name as entry element | Kannada Criticism |
| 9 (RLIN) | 183917 |
| 906 ## - LOCAL DATA ELEMENT F, LDF (RLIN) | |
| a | 030883 |
| 942 ## - ADDED ENTRY ELEMENTS (KOHA) | |
| Source of classification or shelving scheme | Dewey Decimal Classification |
| Koha item type | Book |
| Withdrawn status | Lost status | Damaged status | Not for loan | Collection code | Home library | Current library | Shelving location | Date acquired | Cost, normal purchase price | Total Checkouts | Full call number | Barcode | Date last seen | Price effective from | Koha item type |
|---|---|---|---|---|---|---|---|---|---|---|---|---|---|---|---|
| St Aloysius Library | St Aloysius Library | 02/17/2021 | 1.50 | K894.9 KANR | 030883 | 02/17/2021 | 02/17/2021 | Book |